| 000 | 01082cam a22002895a 4500 | ||
|---|---|---|---|
| 001 | 16142565 | ||
| 003 | OSt | ||
| 005 | 20150408114025.0 | ||
| 008 | 100318s2010 dcu 000 0 eng | ||
| 010 | _a 2010924991 | ||
| 020 | _a9780883857687 | ||
| 040 |
_aDLC _cDLC _dDLC |
||
| 042 | _apcc | ||
| 082 |
_222 _a515 |
||
| 100 | 1 |
_aChen, Hongwei. _914384 |
|
| 245 | 1 | 0 |
_aExcursions in classical analysis : _bpathways to advanced problem solving and undergraduate research / _cHongwei Chen. |
| 250 | _a1st ed. | ||
| 260 |
_aWashington, DC : _bMathematical Association of America, _c2010. |
||
| 263 | _a1004 | ||
| 300 | _ap. cm. | ||
| 490 | 0 | _aClassroom resource materials | |
| 856 | 4 | 1 |
_3Table of contents only _uhttp://www.loc.gov/catdir/enhancements/fy1009/2010924991-t.html |
| 856 | 4 | 2 |
_3Publisher description _uhttp://www.loc.gov/catdir/enhancements/fy1009/2010924991-d.html |
| 856 | 4 | 2 |
_3Contributor biographical information _uhttp://www.loc.gov/catdir/enhancements/fy1009/2010924991-b.html |
| 942 |
_2ddc _cBOOK |
||
| 999 |
_c22272 _d256772 |
||